| 000 | 00349nam a22001337a 4500 | ||
|---|---|---|---|
| 008 | 181025b xxu||||| |||| 00| 0 eng d | ||
| 020 | _a9780691086774 | ||
| 041 | _aeng | ||
| 080 | _a321 | ||
| 100 | _a23 | ||
| 101 | _aPOL | ||
| 245 |
_aGlobal Understanding Political The International Economuy Economic Order _cGilpin.R |
||
| 942 |
_2udc _cBK |
||
| 999 |
_c50934 _d50934 |
||